Wykluczanie według kategorii - województwa Polski - Statystyki

Ogólne statystyki
  • Ten quiz został rozwiązany 4 755 razy
  • Średni wynik to 9 z 16
Statystyki odpowiedzi
Grupa # Kategoria % Poprawnych
Zielony 14 Województwa, które NIE leżą nad morzem
100%
Zielony 9 ... które graniczą z jakimś państem
98%
Zielony 4 ... których stolica jest jednym z 10 najbardziej zaludnionych miast w Polsce
91%
Żółty 14 Województwa, które mają 1 stolicę
84%
Żółty 7 ... którego stolica ma 6 lub mniej liter
81%
Żółty 5 ... przez które nie przepływa Warta
73%
Niebieski 13 Województwa, których nazwa NIE pochodzi od nazwy ich stolicy
65%
Zielony 1 ... przez które NIE przepływa ani Wisła ani Odra Podlaskie
64%
Niebieski 5 ... których stolica NIE jest jednym z 10 najbardziej zaludnionych miast w Polsce
57%
Niebieski 2 ... które NIE graniczy z województwem Małopolskim
41%
Różowy 11 Województwa, których pierwsza litera znajduje się w alfabecie po literze ł
41%
Żółty 1 ... które graniczy z 5 lub więcej województwami Świętokrzyskie
39%
Różowy 8 ... w którym NIE znajduje się żadne z 5 największych jezior w Polsce
37%
Niebieski 1 ... przez które przepływa Odra Lubuskie
33%
Różowy 2 ... w którym znajduje się miasto nie będące stolicą, z ludnością powyżej 150 000
25%
Różowy 1 ... które NIE graniczy z żadnym państwem Mazowieckie
17%
Nie znaleziono quizów pasujących do podanych kryteriów
Rozkład punktacji
Procent ludzi z każdym wynikiem
Percentyl według liczby udzielonych odpowiedzi
Twoja historia wyników
Nie rozwiązałeś tego quizu